000 00637nam a2200193 i 4500
001 89709
003 ES-MaACL
005 20250623204546.0
007 t|
008 050112s1933 sp ||||1| spa d
100 1 _aLawrence, D.H. (
_d1885-1930)
_970743
245 1 0 _aCanguro
_b: novela /
_cD.H. Lawrence ; [traducción de Lino Novás Calvo ; prólogo por Victoria Ocampo].
260 _a[Madrid :
_bEspasa Calpe,
_c1933]
300 _aXLIII, 509 p. ;
_c21 cm.
700 1 _aNovás Calvo, Lino,
_d1905-1983
_986065
700 1 _aOcampo, Victoria,
_d1890-1979
_986446
852 _aES-MaACL
_jA-1663
999 _c89709
_d89709